书目信息 |
| 题名: |
国际顶级绘画大师
|
|
| 作者: | ;李婷 译 ;英国ImagineFX编辑部 编著 | |
| 分册: | 卷2 艺用解剖 | |
| 出版信息: | 北京 清华大学出版社 2019.12 |
|
| 页数: | 133页 | |
| 开本: | 26cm | |
| 丛书名: | ||
| 单 册: | ||
| 中图分类: | J064 | |
| 科图分类: | ||
| 主题词: | 艺用人体解剖学 | |
| 电子资源: | ||
| ISBN: | 978-7-302-46099-2 | |
| 000 | 01284nam0 2200301 45 | |
| 001 | 012001001366 | |
| 005 | 20211020101052.19 | |
| 010 | @a978-7-302-46099-2@dCNY45.00 | |
| 099 | @aCAL 012018007934 | |
| 100 | @a20171110d2017 em y0chiy0110 ea | |
| 101 | 0 | @achi |
| 102 | @aCN@b110000 | |
| 105 | @aa z 000yy | |
| 106 | @ar | |
| 200 | 1 | @a国际顶级绘画大师@Aguo ji ding ji hui hua da shi@d= How to draw and paint anatomy@i艺用解剖@h卷2@f英国ImagineFX编辑部编著@g李婷译@zeng |
| 210 | @a北京@c清华大学出版社@d2019.12 | |
| 215 | @a133页@c图 (部分彩图)@d26cm | |
| 300 | @a其他题名:艺用解剖 | |
| 330 | @a世界顶级绘画大师们将通过书中76个精彩案例展现他们的高超的绘画技艺, 生动形象地介绍如何去画艺用人体解剖和生物解剖, 其中包括如何通过记忆创作具有表现力的姿势速写; 如何画出具有动感的人体, 掌握捕捉肢体运动的姿势、透视、比例; 去发现如何以正确的比例去画并且摆放姿势; 学习如何画出灵活的腰肢、强健有型的臀部、肩部肌肉和服装及其褶皱。 | |
| 333 | @a本书适合美术初学者学习参考 | |
| 500 | 10 | @aHow to draw and paint anatomy@mChinese |
| 517 | 1 | @a艺用解剖 |
| 606 | 0 | @a艺用人体解剖学 |
| 690 | @aJ064@v5 | |
| 702 | 0 | @a李婷@Ali ting@4译 |
| 711 | 02 | @a英国ImagineFX编辑部@Aying guo imaginefx bian ji bu@4编著 |
| 801 | @aCN@b江苏凤凰@c20211018 | |
| 905 | @b1343226-9@dJ064@e611:2@f4 | |
| 国际顶级绘画大师= How to draw and paint anatomy.艺用解剖.卷2/英国ImagineFX编辑部编著/李婷译.-北京:清华大学出版社,2019.12 |
| 133页:图 (部分彩图);26cm |
| 其他题名:艺用解剖.-使用对象:本书适合美术初学者学习参考 |
| ISBN 978-7-302-46099-2:CNY45.00 |
| 世界顶级绘画大师们将通过书中76个精彩案例展现他们的高超的绘画技艺, 生动形象地介绍如何去画艺用人体解剖和生物解剖, 其中包括如何通过记忆创作具有表现力的姿势速写; 如何画出具有动感的人体, 掌握捕捉肢体运动的姿势、透视、比例; 去发现如何以正确的比例去画并且摆放姿势; 学习如何画出灵活的腰肢、强健有型的臀部、肩部肌肉和服装及其褶皱。 |
| ● |
| 相关链接 |
|
|
|
|
正题名:国际顶级绘画大师
索取号:J064/611:2
 
预约/预借
| 序号 | 登录号 | 条形码 | 馆藏地/架位号 | 状态 | 备注 |
| 1 | 1343226 | 213432267 | 第一样本阅览室/ [索取号:J064/611:2] | 在馆 | |
| 2 | 1343227 | 213432276 | 第一借阅区/ [索取号:J064/611:2] | 在馆 | |
| 3 | 1343228 | 213432285 | 第一借阅区/ [索取号:J064/611:2] | 在馆 | |
| 4 | 1343229 | 213432294 | 第一借阅区/ [索取号:J064/611:2] | 在馆 |